Länder mit M - Statistiken

Allgemein
  • Dieses Quiz wurde 2.108 mal gespielt
  • Das Durchschnittsergebnis liegt bei 15 aus 19
Antwortstatistiken
Hint Antwort % Korrekt
5 Mali
87%
7 Marokko
82%
9 Mauretanien
82%
12 Mexiko
82%
15 Monaco
82%
1 Madagaskar
81%
14 Moldawien
81%
4 Malediven
79%
17 Montenegro
79%
16 Mongolei
78%
11 Mazedonien
77%
10 Mauritius
76%
18 Mosambik
76%
6 Malta
75%
3 Malaysia
73%
2 Malawi
72%
19 Myanmar
69%
13 Mikronesien
66%
8 Marshallinseln
60%
Keine übereinstimmenden Quizze gefunden
Verteilung der Resultate
Anzahl Personen mit jedem Resultat
Perzentil nach korrekt beantworteten Fragen
Ihre Resultats-Entwicklung
Sie haben dieses Quiz noch nicht gespielt